000 01004nas a2200349 4500
001 BR2011000168
003 BR-BrBNA
005 20231205114352.0
007 ta
008 230509b bl.|||p| |||| 00| 00por d
040 _aBR-BrBNA
_bpor
_cBiblioteca Nacional de Agricultura
041 _a(Pt)
072 _aQ52; L51
100 1 _aJobim, C.C.
100 1 _aLombardi, L.
100 1 _aMacedo, F.A.F. de
100 1 _aBranco, A.F.
245 1 _aSilagens de grão de milho puro e com adição de grãos de soja, de girassol ou uréia
650 _aGRÃO
650 _aSILAGEM
650 _aMILHO
650 _aSOJA
650 _aURÉIA
650 _aGIRASSOL
650 _aGADO HOLANDÊS
650 _aCOMPOSIÇÃO QUIMICA
650 _aPRESERVAÇÃO DE ALIMENTO
650 _aDIGESTÃO
773 0 _tPesquisa Agropecuária Brasileira (Brazil)
_xISSN 0100-204X
_g(May 2008), v. 43(5) p. 649-656
_wBR2011000168
909 _a202311
_bLúcia
_c55
_dLúcia Elande
942 _2AGRIS
_n0
_cANA
999 _c208454
_d208454